[Event "DRUGA LIGA CENTRALNE SRBIJE - Zapad"]
[Site "Vrnjacka banja"]
[Date "2013.??.??"]
[Round "3.1"]
[White "Misailovic, Nebojsa"]
[Black "Brkljaca, Ante"]
[Result "1-0"]
[WhiteElo "2306"]
[BlackElo "2322"]
[PlyCount "87"]
[EventDate "2013.10.10"]

1. e4 c5 2. Nf3 Nc6 3. d4 cxd4 4. Nxd4 g6 5. c4 Bg7 6. Be3 Nf6 7. Nc3 O-O 8.
Be2 d6 9. O-O Bd7 10. Rc1 Nxd4 11. Bxd4 Bc6 12. f3 a5 13. Qd2 Nd7 14. Be3 Nc5
15. Rfe1 a4 16. Bf1 Qa5 17. Rc2 Rfc8 18. Rb1 Qd8 19. Qf2 Qf8 20. Re1 Na6 21.
Bg5 h6 22. Be3 Bf6 23. Qd2 h5 24. Bf2 e6 25. Be3 Rd8 26. Qf2 Nb4 27. Rcc1 Qg7
28. a3 Na6 29. f4 Re8 30. Nb5 Be7 31. Bd4 e5 32. Bc3 Qf6 33. g3 h4 34. Bg2 hxg3
35. hxg3 Bxb5 36. cxb5 Nc5 37. Rcd1 Bd8 38. Bf3 Bb6 39. Kg2 Nd7 40. Qd2 Bc5 41.
Rh1 Kg7 42. Bg4 Nb6 43. fxe5 dxe5 44. Rdf1 1-0

[Event "DRUGA LIGA CENTRALNE SRBIJE - Zapad"]
[Site "Vrnjacka banja"]
[Date "2013.??.??"]
[Round "3.1"]
[White "Ilic, Dragan M"]
[Black "Pavlovic, Dejan S"]
[Result "1/2-1/2"]
[WhiteElo "2374"]
[BlackElo "2398"]
[PlyCount "37"]
[EventDate "2013.10.10"]

1. d4 d5 2. c4 c6 3. cxd5 cxd5 4. Nc3 Nf6 5. Nf3 Nc6 6. a3 Bf5 7. Bf4 a6 8. Rc1
e6 9. e3 Bd6 10. Bxd6 Qxd6 11. Na4 O-O 12. Be2 Nd7 13. O-O Rac8 14. Nc5 Nxc5
15. Rxc5 e5 16. b4 e4 17. Nd2 b6 18. Rc1 Nb8 19. Qb3 1/2-1/2

[Event "DRUGA LIGA CENTRALNE SRBIJE - Zapad"]
[Site "Vrnjacka banja"]
[Date "2013.??.??"]
[Round "3.1"]
[White "Ratkovic, Milovan**"]
[Black "Stojanovic, Dobrisav"]
[Result "1/2-1/2"]
[WhiteElo "2294"]
[BlackElo "2355"]
[PlyCount "45"]
[EventDate "2013.10.10"]

1. d4 d5 2. c4 c6 3. Nc3 Nf6 4. e3 e6 5. Nf3 Bd6 6. Qc2 Nbd7 7. Bd3 O-O 8. O-O
a6 9. a4 h6 10. c5 Bc7 11. e4 dxe4 12. Nxe4 e5 13. Nxf6+ Qxf6 14. Be3 exd4 15.
Bxd4 Ne5 16. Nxe5 Bxe5 17. Bxe5 Qxe5 18. Rae1 Qf6 19. Bc4 Bf5 20. Qb3 Rab8 21.
Re2 Qd4 22. Rfe1 Bg6 23. Qb4 1/2-1/2

[Event "DRUGA LIGA CENTRALNE SRBIJE - Zapad"]
[Site "Vrnjacka banja"]
[Date "2013.??.??"]
[Round "3.1"]
[White "Gosic, Bogdan"]
[Black "Civric, Zdravko"]
[Result "1-0"]
[WhiteElo "2281"]
[BlackElo "2181"]
[PlyCount "61"]
[EventDate "2013.10.10"]

1. e4 c5 2. Nf3 Nc6 3. Bb5 g6 4. O-O Bg7 5. Bxc6 bxc6 6. Re1 e5 7. c3 Qb6 8.
Na3 Ba6 9. d3 d6 10. Rb1 Nh6 11. b4 O-O 12. h3 cxb4 13. cxb4 f6 14. d4 Nf7 15.
Be3 Qc7 16. Qc2 Qd7 17. Red1 Qe8 18. Rbc1 Bb7 19. dxe5 fxe5 20. Nc4 d5 21. Na5
d4 22. Bxd4 exd4 23. Nxb7 Rb8 24. Nc5 Rxb4 25. a3 d3 26. Qxd3 Rb2 27. Qc4 Kh8
28. Ne6 Ne5 29. Nxg7 Nxc4 30. Nxe8 Nxa3 31. Nd6 1-0

[Event "DRUGA LIGA CENTRALNE SRBIJE - Zapad"]
[Site "Vrnjacka banja"]
[Date "2013.??.??"]
[Round "3.1"]
[White "Pecinar, Zoran"]
[Black "Zivkovic, Vladislav"]
[Result "1/2-1/2"]
[WhiteElo "2170"]
[BlackElo "2192"]
[PlyCount "74"]
[EventDate "2013.10.10"]

1. c4 e6 2. g3 d5 3. Bg2 c5 4. Nf3 Nc6 5. O-O Nf6 6. cxd5 exd5 7. d4 Be7 8.
dxc5 Bxc5 9. b3 Ne4 10. Bb2 O-O 11. Na3 Be6 12. Nc2 Be7 13. Ncd4 Nxd4 14. Nxd4
Qd7 15. Rc1 Rac8 16. Qd3 Nf6 17. Nxe6 fxe6 18. Rcd1 Rfd8 19. Bh3 Rc6 20. Rc1
Rdc8 21. Rxc6 Rxc6 22. Rc1 Ne4 23. Bg2 Rxc1+ 24. Bxc1 Nf6 25. Bb2 Qc6 26. Bf3
a6 27. Kg2 Nd7 28. Qe3 Kf7 29. Qc1 Bf6 30. Ba3 h6 31. Qxc6 bxc6 32. e3 a5 33.
Bd6 Bc3 34. Kf1 Nf6 35. Bd1 e5 36. Ke2 Ke6 37. Bf8 Kf7 1/2-1/2

[Event "DRUGA LIGA CENTRALNE SRBIJE - Zapad"]
[Site "Vrnjacka banja"]
[Date "2013.??.??"]
[Round "3.1"]
[White "Jovanovic, Bojan P**"]
[Black "Zivanic, Slobodan"]
[Result "1/2-1/2"]
[WhiteElo "2220"]
[BlackElo "2214"]
[PlyCount "59"]
[EventDate "2013.10.10"]

1. d4 Nf6 2. Nf3 d6 3. Nc3 Nbd7 4. e4 e5 5. Bc4 Be7 6. O-O O-O 7. a4 a5 8. Re1
c6 9. h3 Qc7 10. Ba2 exd4 11. Nxd4 Nc5 12. Qf3 Qb6 13. Bc4 Kh8 14. Nb3 Be6 15.
Bxe6 Nxe6 16. Be3 Qc7 17. Nd4 Nxd4 18. Bxd4 Nd7 19. Rad1 Rad8 20. Rd2 Bf6 21.
Bxf6 Nxf6 22. Red1 Rd7 23. Qf5 Re8 24. f4 Red8 25. Kh1 Ne8 26. b3 g6 27. Qg5
Kg7 28. Qg3 Nf6 29. Qe3 Ne8 30. Qd4+ 1/2-1/2

[Event "DRUGA LIGA CENTRALNE SRBIJE - Zapad"]
[Site "Vrnjacka banja"]
[Date "2013.??.??"]
[Round "3.1"]
[White "Rajkovic, Mladen**"]
[Black "Lazic, Dragoljub"]
[Result "1/2-1/2"]
[WhiteElo "2053"]
[BlackElo "2266"]
[PlyCount "129"]
[EventDate "2013.10.10"]

1. e4 c5 2. Nf3 d6 3. Bc4 Nf6 4. d3 Nc6 5. c3 e6 6. Bb3 Be7 7. O-O O-O 8. Re1
e5 9. Nbd2 Be6 10. Nf1 h6 11. Ng3 Re8 12. Bc2 Bf8 13. d4 cxd4 14. cxd4 Bg4 15.
Ne2 a6 16. d5 Ne7 17. Ng3 Rc8 18. Bd3 Ng6 19. h3 Bd7 20. Be3 Nf4 21. Bf1 Qa5
22. a3 g6 23. b4 Qa4 24. Qxa4 Bxa4 25. Rac1 Bb5 26. Rxc8 Rxc8 27. Rc1 Rxc1 28.
Bxc1 Bxf1 29. Kxf1 Nd3 30. Be3 Nb2 31. Nd2 Ne8 32. Bb6 Be7 33. Ke2 Bg5 34. Ngf1
h5 35. Ne3 Na4 36. Ndc4 Kf8 37. Ba7 Bd8 38. Kd3 b5 39. Nd2 Ke7 40. Nb3 Kd7 41.
Nd1 Ng7 42. Be3 f5 43. f3 f4 44. Bf2 g5 45. Kc2 Ne8 46. Nb2 Nxb2 47. Kxb2 Nf6
48. Nd2 Ng8 49. Kc3 Nh6 50. Kd3 g4 51. hxg4 hxg4 52. Ke2 g3 53. Bg1 Nf7 54. Nb3
Nh8 55. Nc1 Ng6 56. Nd3 Nh4 57. Ne1 Kc8 58. Kd2 a5 59. Kc3 Kb7 60. Kb3 Ka6 61.
Kc3 a4 62. Kd2 Ng6 63. Nd3 Ne7 64. Nb2 Nc8 65. Kc3 1/2-1/2

[Event "DRUGA LIGA CENTRALNE SRBIJE - Zapad"]
[Site "Vrnjacka banja"]
[Date "2013.??.??"]
[Round "3.1"]
[White "Popovic, Milan S**"]
[Black "Knezevic, Veljko**"]
[Result "1-0"]
[WhiteElo "2178"]
[BlackElo "1873"]
[PlyCount "47"]
[EventDate "2013.10.10"]

1. e4 c5 2. Nc3 d6 3. f4 g6 4. Nf3 Bg7 5. Bb5+ Bd7 6. Bc4 e6 7. O-O Ne7 8. f5
gxf5 9. d3 Bf6 10. Ng5 Bxg5 11. Bxg5 Nbc6 12. exf5 Qb6 13. fxe6 Bxe6 14. Bxe6
fxe6 15. Qg4 c4+ 16. Kh1 Qd4 17. Qxe6 Qe5 18. Qf7+ Kd7 19. Bf6 Qe6 20. Qxe6+
Kxe6 21. Rae1+ Kd7 22. Bxe7 Nxe7 23. Rf7 Rae8 24. Nd5 1-0

[Event "DRUGA LIGA CENTRALNE SRBIJE - Zapad"]
[Site "Vrnjacka banja"]
[Date "2013.??.??"]
[Round "3.2"]
[White "Popovic, Nenad"]
[Black "Savicevic, Vlatko"]
[Result "0-1"]
[WhiteElo "2269"]
[BlackElo "2320"]
[PlyCount "94"]
[EventDate "2013.10.10"]

1. d4 d5 2. Nf3 Nf6 3. c4 e6 4. e3 Be7 5. Nbd2 O-O 6. Qc2 b6 7. b3 Bb7 8. Bd3
c5 9. Bb2 Nc6 10. a3 cxd4 11. exd4 Rc8 12. h4 h6 13. Rd1 dxc4 14. bxc4 b5 15.
c5 a6 16. Kf1 Nd5 17. g3 f5 18. Re1 Qd7 19. Re2 Bf6 20. Rg1 Rcd8 21. Qb1 Rfe8
22. Nb3 Nde7 23. Re3 Kh8 24. Be2 Nd5 25. Rd3 Qc7 26. Rd1 e5 27. dxe5 Nxe5 28.
Nfd4 Nc4 29. Bf3 Nxb2 30. Qxb2 Ne3+ 31. fxe3 Bxf3 32. Re1 Bd5 33. Qc2 Qe5 34.
Kf2 Bxh4 35. Qc1 Bg5 36. Qc3 Rc8 37. Re2 Bxb3 38. Qxb3 Rxc5 39. Nf3 Qf6 40.
Rge1 Rc4 41. Qb1 Rce4 42. Qd3 Qe7 43. Nd4 Qd7 44. Qc3 Bf6 45. Rd2 Rc8 46. Qd3
Rce8 47. Qc3 f4 0-1

[Event "DRUGA LIGA CENTRALNE SRBIJE - Zapad"]
[Site "Vrnjacka banja"]
[Date "2013.??.??"]
[Round "3.2"]
[White "Simic, Dragisa"]
[Black "Lukic, Predrag"]
[Result "1/2-1/2"]
[WhiteElo "2296"]
[BlackElo "2238"]
[PlyCount "25"]
[EventDate "2013.10.10"]

1. e4 c5 2. Nf3 e6 3. d4 cxd4 4. Nxd4 Nf6 5. Nc3 d6 6. Be3 Nc6 7. Be2 Be7 8. f4
O-O 9. Qd2 Nxd4 10. Qxd4 a6 11. O-O-O Nd7 12. g4 b5 13. g5 1/2-1/2

[Event "DRUGA LIGA CENTRALNE SRBIJE - Zapad"]
[Site "Vrnjacka banja"]
[Date "2013.??.??"]
[Round "3.2"]
[White "Tomic, Miroslav Lj"]
[Black "Biljanic, Ljubomir"]
[Result "0-1"]
[WhiteElo "2172"]
[BlackElo "2333"]
[PlyCount "78"]
[EventDate "2013.10.10"]

1. d4 Nf6 2. Nf3 e6 3. Bg5 Be7 4. e3 b6 5. Bd3 Bb7 6. Nbd2 d6 7. O-O O-O 8. Qe2
Nbd7 9. Rfd1 Nd5 10. Bxe7 Qxe7 11. a3 e5 12. Ba6 Bxa6 13. Qxa6 e4 14. Qb7 exf3
15. Qxd5 fxg2 16. Kxg2 Nf6 17. Qf5 a5 18. a4 Rae8 19. Rg1 g6 20. Kf1 Kh8 21.
Qg5 Qe6 22. Qh4 Nh5 23. Ke2 f5 24. Kd3 c5 25. c3 f4 26. e4 f3 27. Rg4 d5 28.
dxc5 bxc5 29. Kc2 d4 30. c4 d3+ 31. Kc1 Rb8 32. Qg5 Rf5 33. Qe3 Rf7 34. Rg5 Nf4
35. e5 Ne2+ 36. Kd1 Rxb2 37. Qxc5 Nc3+ 38. Ke1 Rxd2 39. Kxd2 Ne4+ 0-1

[Event "DRUGA LIGA CENTRALNE SRBIJE - Zapad"]
[Site "Vrnjacka banja"]
[Date "2013.??.??"]
[Round "3.2"]
[White "Adzic, Momcilo"]
[Black "Vujovic, Radojica"]
[Result "1-0"]
[WhiteElo "2258"]
[BlackElo "2083"]
[PlyCount "135"]
[EventDate "2013.10.10"]

1. e4 c5 2. Nf3 Nc6 3. d4 cxd4 4. Nxd4 Qc7 5. Nc3 e6 6. Be3 a6 7. Qd2 Nf6 8. f3
h5 9. O-O-O b5 10. Nxc6 dxc6 11. Bf4 Qe7 12. Be3 Qc7 13. Bf4 Qe7 14. Be3 Qc7
15. e5 Nd5 16. Nxd5 cxd5 17. f4 Be7 18. g3 Bd7 19. Bd3 a5 20. Qe2 Rb8 21. Kb1
b4 22. Bd4 Bc5 23. Qe3 Bxd4 24. Qxd4 Qb6 25. Qxb6 Rxb6 26. Kc1 Ke7 27. Kd2 Bb5
28. h4 Rc8 29. Rc1 g6 30. Rhg1 Bc4 31. Ra1 Rbc6 32. Rgc1 Rc5 33. a3 bxa3 34.
Rxa3 Bxd3 35. Kxd3 Rb8 36. Rc3 Rbc8 37. Rxc5 Rxc5 38. b3 Rb5 39. Ra1 f6 40. Ra3
fxe5 41. fxe5 Kf7 42. Kd4 g5 43. c4 Rb4 44. Kc5 gxh4 45. gxh4 dxc4 46. bxc4 Kg6
47. Rf3 Rb8 48. Rf6+ Kg7 49. Rxe6 Ra8 50. Rf6 a4 51. Kb4 a3 52. Rf1 a2 53. Ra1
Kf7 54. Kb3 Rb8+ 55. Kxa2 Ke6 56. Rb1 Ra8+ 57. Kb3 Kxe5 58. Rf1 Kd4 59. Rd1+
Ke4 60. Rd5 Rh8 61. Kc3 Kf4 62. Rg5 Ke4 63. c5 Rh7 64. Kc4 Rh8 65. c6 Rc8 66.
Kc5 Ra8 67. c7 Ra2 68. Kb6 1-0

[Event "DRUGA LIGA CENTRALNE SRBIJE - Zapad"]
[Site "Vrnjacka banja"]
[Date "2013.??.??"]
[Round "3.2"]
[White "Vuksanovic, Zvezdan"]
[Black "Lazic, Miodrag"]
[Result "1/2-1/2"]
[WhiteElo "2178"]
[BlackElo "2003"]
[PlyCount "130"]
[EventDate "2013.10.10"]

1. e4 c5 2. g3 Nc6 3. Nc3 g6 4. Bg2 Bg7 5. Nf3 d6 6. d3 Nf6 7. O-O O-O 8. h3
Rb8 9. d4 cxd4 10. Nxd4 Bd7 11. Be3 Ne5 12. Kh2 b5 13. b3 b4 14. Nce2 Qc7 15.
a3 a5 16. axb4 axb4 17. Ra2 Rfc8 18. Qd2 Nc6 19. Rd1 Be8 20. Bg5 Nxd4 21. Nxd4
Qc5 22. Be3 Qc3 23. Ne2 Qxd2 24. Rxd2 Bc6 25. f3 Nd7 26. Kg1 Ra8 27. Rxa8 Rxa8
28. Nd4 Ra1+ 29. Kf2 Bb7 30. Bf1 Nc5 31. Bc4 Be5 32. Ne2 Nd7 33. Bd4 Ra2 34.
Ke3 Kg7 35. c3 Rxd2 36. Kxd2 bxc3+ 37. Bxc3 f5 38. Ke3 Kf6 39. Bb5 Nc5 40. b4
Ne6 41. Bxe5+ Kxe5 42. f4+ Kf6 43. exf5 gxf5 44. Bd3 Nc7 45. Nc3 e5 46. fxe5+
dxe5 47. Bc4 Kg5 48. Kf2 f4 49. Bd3 fxg3+ 50. Kxg3 h6 51. Ne4+ Bxe4 52. Bxe4
Nb5 53. Bc6 Nd6 54. Bd7 h5 55. h4+ Kf6 56. Bc6 Nf5+ 57. Kh3 Nd6 58. Bf3 Kg6 59.
Kg3 Nf5+ 60. Kf2 Nd4 61. Be4+ Kf6 62. Ke3 Nb5 63. Kd3 Nd6 64. Bf3 Kg6 65. Kc3
Kh6 1/2-1/2

[Event "DRUGA LIGA CENTRALNE SRBIJE - Zapad"]
[Site "Vrnjacka banja"]
[Date "2013.??.??"]
[Round "3.2"]
[White "Leontic, Ivica*"]
[Black "Nonkovic, Nikola**"]
[Result "1-0"]
[WhiteElo "2066"]
[BlackElo "1860"]
[PlyCount "89"]
[EventDate "2013.10.10"]

1. d4 d5 2. c4 e6 3. Nc3 c6 4. cxd5 exd5 5. g3 Nf6 6. Bg2 Bd6 7. Nf3 Bf5 8. O-O
O-O 9. Qb3 Qc7 10. Bd2 Nbd7 11. Rac1 Qb6 12. Qxb6 axb6 13. Nh4 Bg6 14. Nxg6
hxg6 15. f3 Bb4 16. a3 Bxc3 17. Bxc3 Rfe8 18. Rfe1 b5 19. e4 Nb6 20. Rc2 Nc4
21. Rce2 b6 22. Bh3 Ra7 23. e5 Nh7 24. f4 f5 25. g4 Rf7 26. e6 Ra7 27. gxf5 g5
28. fxg5 Nxg5 29. Bg2 Nd6 30. Rf1 Nge4 31. Be1 Rf8 32. Bxe4 Nxe4 33. Bb4 c5 34.
dxc5 bxc5 35. Rxe4 dxe4 36. Bxc5 Rc7 37. Bxf8 Kxf8 38. Kg2 Ke7 39. Kg3 e3 40.
Re1 Rc5 41. Kf4 Kf6 42. Rxe3 Rxf5+ 43. Kg4 Rg5+ 44. Kh4 Kf5 45. e7 1-0

[Event "DRUGA LIGA CENTRALNE SRBIJE - Zapad"]
[Site "Vrnjacka banja"]
[Date "2013.??.??"]
[Round "3.3"]
[White "Vujic, Mihailo"]
[Black "Smolovic, Mile"]
[Result "1/2-1/2"]
[WhiteElo "2340"]
[BlackElo "2355"]
[PlyCount "103"]
[EventDate "2013.10.10"]

1. e4 c5 2. c3 d5 3. exd5 Qxd5 4. d4 Nf6 5. Nf3 Nc6 6. dxc5 Qxd1+ 7. Kxd1 e5 8.
Be3 Nd5 9. b4 Bf5 10. b5 Nd8 11. Bc4 Nxe3+ 12. fxe3 f6 13. c6 bxc6 14. Ke2 Bd7
15. a4 Nb7 16. Nbd2 Nd6 17. bxc6 Bxc6 18. Be6 Ke7 19. Bh3 g6 20. c4 Bg7 21. c5
Nb7 22. Rhc1 Na5 23. Ra3 Rab8 24. Ne1 Rhd8 25. Nc4 Nxc4 26. Rxc4 a5 27. Rac3 f5
28. g4 Bd5 29. gxf5 Bxc4+ 30. Rxc4 Rb4 31. Rc2 Rh4 32. Bg2 gxf5 33. Nf3 Rxa4
34. c6 Rc8 35. Bh3 Kd6 36. Rd2+ Kxc6 37. Bxf5 Rc7 38. Ng5 Bh6 39. Ne6 Re7 40.
Nd8+ Kc5 41. Ne6+ Kb4 42. Rb2+ Ka3 43. Rb5 Ra7 44. Rxe5 Rb4 45. Bd3 Rb2+ 46.
Kf3 Rf7+ 47. Ke4 a4 48. Rh5 Rf6 49. Ke5 Rbf2 50. Bf5 Rf7 51. e4 Bc1 52. Bxh7
1/2-1/2

[Event "DRUGA LIGA CENTRALNE SRBIJE - Zapad"]
[Site "Vrnjacka banja"]
[Date "2013.??.??"]
[Round "3.3"]
[White "Irizanin, Radoje"]
[Black "Tojagic, Dane"]
[Result "1/2-1/2"]
[WhiteElo "2318"]
[BlackElo "2274"]
[PlyCount "65"]
[EventDate "2013.10.10"]

1. d4 d5 2. Nf3 Nf6 3. e3 c6 4. c4 e6 5. Nbd2 Nbd7 6. Bd3 Bd6 7. O-O O-O 8. e4
dxe4 9. Nxe4 Be7 10. Qe2 Re8 11. Bg5 Nf8 12. Rad1 b6 13. Ne5 Bb7 14. Bxf6 gxf6
15. Nf3 Ng6 16. Ng3 Qc7 17. Nh5 Rad8 18. Qe3 Kh8 19. c5 Rg8 20. b4 Rd5 21. Bxg6
Rxg6 22. Nf4 Rf5 23. Nxg6+ hxg6 24. Rfe1 Kg7 25. Nd2 Ba6 26. Rc1 Rd5 27. h3 Qd7
28. Nf3 g5 29. a4 bxc5 30. bxc5 Bd8 31. Qc3 Bc7 32. Rb1 Qc8 33. Red1 1/2-1/2

[Event "DRUGA LIGA CENTRALNE SRBIJE - Zapad"]
[Site "Vrnjacka banja"]
[Date "2013.??.??"]
[Round "3.3"]
[White "Markovic, Dragan P"]
[Black "Mirkovic, Stevan*"]
[Result "1/2-1/2"]
[WhiteElo "2242"]
[BlackElo "2293"]
[PlyCount "58"]
[EventDate "2013.10.10"]

1. e4 c5 2. c3 d5 3. exd5 Qxd5 4. d4 Nf6 5. Nf3 e6 6. Be3 cxd4 7. cxd4 Be7 8.
Nc3 Qd8 9. Bc4 O-O 10. O-O Nc6 11. Ne5 Nb4 12. Qe2 Nbd5 13. Rad1 Nxc3 14. bxc3
Nd5 15. Bd2 Bf6 16. Qe4 g6 17. Qf3 Bg7 18. Rfe1 Qd6 19. Ng4 f6 20. Re2 Bd7 21.
Nh6+ Kh8 22. Rde1 Rae8 23. Bxd5 Qxd5 24. Qxd5 exd5 25. Nf7+ Kg8 26. Nh6+ Bxh6
27. Bxh6 Rxe2 28. Rxe2 Re8 29. Rxe8+ Bxe8 1/2-1/2

[Event "DRUGA LIGA CENTRALNE SRBIJE - Zapad"]
[Site "Vrnjacka banja"]
[Date "2013.??.??"]
[Round "3.3"]
[White "Gavrilovic, Leonardo"]
[Black "Simic, Goran S"]
[Result "1-0"]
[WhiteElo "2261"]
[BlackElo "2106"]
[PlyCount "47"]
[EventDate "2013.10.10"]

1. Nf3 d5 2. c4 e6 3. d4 Nf6 4. Nc3 Be7 5. Bg5 O-O 6. e3 h6 7. Bh4 b6 8. Qc2
Bb7 9. Bxf6 Bxf6 10. cxd5 exd5 11. g4 c5 12. O-O-O cxd4 13. exd4 Qd6 14. Qd2
Nd7 15. h4 Rfc8 16. g5 hxg5 17. hxg5 Be7 18. Bh3 Rd8 19. Bxd7 Qxd7 20. Rh4 Qf5
21. Rdh1 f6 22. Rf4 Qg6 23. Qe3 Bd6 24. Qe6+ 1-0

[Event "DRUGA LIGA CENTRALNE SRBIJE - Zapad"]
[Site "Vrnjacka banja"]
[Date "2013.??.??"]
[Round "3.3"]
[White "Novakovic, Slobodan"]
[Black "Matovic, Petar"]
[Result "0-1"]
[WhiteElo "2167"]
[BlackElo "2244"]
[PlyCount "82"]
[EventDate "2013.10.10"]

1. d4 Nf6 2. Nf3 d5 3. c4 c6 4. Nc3 Bf5 5. e3 e6 6. Be2 Bd6 7. O-O Nbd7 8. a3
g5 9. Nd2 h5 10. Re1 g4 11. Nf1 h4 12. Bd3 Ne4 13. Qc2 Ndf6 14. cxd5 cxd5 15.
f3 gxf3 16. gxf3 Ng5 17. Kf2 Nh3+ 18. Ke2 Rg8 19. Kd2 Ng1 20. Qa4+ Kf8 21. Be2
Rg2 22. Kd1 a6 23. Bd2 Rc8 24. Rc1 Rf2 25. e4 dxe4 26. Be3 Nxe2 27. Bxf2 Nxc1
28. Kxc1 Nd5 29. fxe4 Nxc3 30. bxc3 Rxc3+ 31. Kb2 Rxa3 32. Qc4 Bg6 33. d5 e5
34. Bc5 Ra5 35. Bxd6+ Qxd6 36. Re3 Qb6+ 37. Rb3 Qf2+ 38. Kb1 Qe1+ 39. Kb2 Qa1+
40. Kc2 Ra2+ 41. Kd3 Qxf1+ 0-1

[Event "DRUGA LIGA CENTRALNE SRBIJE - Zapad"]
[Site "Vrnjacka banja"]
[Date "2013.??.??"]
[Round "3.3"]
[White "Radosavljevic, Slobodan S"]
[Black "Osatovic, Aleksandar*"]
[Result "0-1"]
[WhiteElo "2192"]
[BlackElo "2052"]
[PlyCount "103"]
[EventDate "2013.10.10"]

1. d4 d5 2. Nf3 Nf6 3. c4 e6 4. Nc3 c6 5. Bg5 Be7 6. e3 O-O 7. Bd3 h6 8. Bh4 b6
9. O-O Ba6 10. Ne5 dxc4 11. Nxc4 Nd5 12. Bg3 c5 13. Qf3 cxd4 14. exd4 Nc6 15.
Qe4 g6 16. Ne5 Bxd3 17. Qxd3 Ndb4 18. Qe4 Nxe5 19. dxe5 Qd2 20. Rab1 Rfd8 21.
Bf4 Qd4 22. Bxh6 Qxe4 23. Nxe4 Nxa2 24. Rfd1 Rd5 25. Rxd5 exd5 26. Bg5 Bxg5 27.
Nxg5 Rc8 28. Kf1 a5 29. Rd1 Nb4 30. Ke2 Kf8 31. Rd2 Ke7 32. f4 Rc4 33. g3 a4
34. h4 d4 35. Nf3 d3+ 36. Ke3 Rc1 37. g4 b5 38. f5 Rc4 39. Nd4 Nc2+ 40. Kxd3
Nxd4 41. fxg6 fxg6 42. h5 Nf3 43. Re2 Rxg4 44. hxg6 Rxg6 45. Ke4 Ng5+ 46. Kf5
Rg7 47. Rc2 Ne6 48. Rc8 Rg5+ 49. Ke4 Rg4+ 50. Kd3 Rb4 51. Rc2 Nf4+ 52. Kc3 0-1

[Event "DRUGA LIGA CENTRALNE SRBIJE - Zapad"]
[Site "Vrnjacka banja"]
[Date "2013.??.??"]
[Round "3.3"]
[White "Zivanovic, Bojan**"]
[Black "Andjelic, Stevan"]
[Result "1-0"]
[WhiteElo "2075"]
[BlackElo "2098"]
[PlyCount "59"]
[EventDate "2013.10.10"]

1. e4 Nf6 2. e5 Nd5 3. d4 d6 4. c4 Nb6 5. f4 dxe5 6. fxe5 Nc6 7. Be3 Bf5 8. Nc3
e6 9. Be2 Qd7 10. Nf3 Bg4 11. O-O Be7 12. h3 Bxf3 13. Rxf3 Rd8 14. Qf1 Nxd4 15.
Rxf7 Nxe2+ 16. Nxe2 Nxc4 17. Rxg7 Rf8 18. Bf2 Nd2 19. Qe1 Ne4 20. Be3 Qd5 21.
Bf4 Bc5+ 22. Kh2 Bf2 23. Qb4 Nc5 24. Nc3 Qc6 25. Bg5 Rd7 26. Rxd7 Qxd7 27. Rd1
Qg7 28. Rd8+ Kf7 29. Qf4+ Kg8 30. Bf6 1-0

[Event "DRUGA LIGA CENTRALNE SRBIJE - Zapad"]
[Site "Vrnjacka banja"]
[Date "2013.??.??"]
[Round "3.3"]
[White "Kijanovic, Igor**"]
[Black "Kikanovic, Zivota"]
[Result "1-0"]
[WhiteElo "2053"]
[BlackElo "2164"]
[PlyCount "37"]
[EventDate "2013.10.10"]

1. d4 Nf6 2. c4 c5 3. d5 e6 4. Nc3 exd5 5. cxd5 d6 6. e4 g6 7. Nf3 Bg7 8. Bd3
O-O 9. h3 b5 10. O-O a6 11. Bf4 Re8 12. Re1 Bb7 13. Qd2 Qc7 14. Rad1 Nbd7 15.
Bxb5 Nxe4 16. Nxe4 axb5 17. Nxd6 Rxe1+ 18. Rxe1 Qb6 19. Re7 1-0

[Event "DRUGA LIGA CENTRALNE SRBIJE - Zapad"]
[Site "Vrnjacka banja"]
[Date "2013.??.??"]
[Round "3.4"]
[White "Gavrilovic, Vasilije"]
[Black "Jakovljevic, Nenad"]
[Result "1/2-1/2"]
[WhiteElo "2114"]
[BlackElo "2080"]
[PlyCount "22"]
[EventDate "2013.10.10"]

1. c4 Nf6 2. Nc3 g6 3. g3 Bg7 4. Bg2 O-O 5. Nf3 d6 6. d4 c5 7. d5 e5 8. e4 a6
9. O-O Nbd7 10. h3 b5 11. cxb5 axb5 1/2-1/2

[Event "DRUGA LIGA CENTRALNE SRBIJE - Zapad"]
[Site "Vrnjacka banja"]
[Date "2013.??.??"]
[Round "3.5"]
[White "Marcetic, Predrag"]
[Black "Bojovic, Dusan*"]
[Result "1-0"]
[WhiteElo "2284"]
[BlackElo "2309"]
[PlyCount "38"]
[EventDate "2013.10.10"]

1. e4 c5 2. Nf3 Nc6 3. Bb5 e6 4. O-O Qc7 5. c3 Nf6 6. Re1 a6 7. Bf1 Be7 8. d4
cxd4 9. cxd4 b6 10. Nc3 Bb7 11. e5 Nd5 12. Nxd5 exd5 13. Bg5 Bb4 14. Re3 Nd8
15. a3 Bf8 16. Rc1 Bc6 17. Bxd8 Qxd8 18. e6 fxe6 19. Ne5 Qf6 1-0

[Event "DRUGA LIGA CENTRALNE SRBIJE - Zapad"]
[Site "Vrnjacka banja"]
[Date "2013.??.??"]
[Round "3.5"]
[White "Toth, Aleksandar*"]
[Black "Milosevic, Zoran"]
[Result "1/2-1/2"]
[WhiteElo "2309"]
[BlackElo "2243"]
[PlyCount "68"]
[EventDate "2013.10.10"]

1. e4 c5 2. Nf3 e6 3. d3 Nc6 4. g3 d5 5. Nbd2 Nf6 6. Bg2 dxe4 7. dxe4 Be7 8.
O-O O-O 9. e5 Nd7 10. Re1 Qc7 11. Qe2 b6 12. b3 Rd8 13. Bb2 Bb7 14. h4 Nf8 15.
h5 h6 16. Ne4 Nh7 17. a3 Rd7 18. Qe3 Rad8 19. Bf1 Nd4 20. Bxd4 cxd4 21. Qd2
Bxe4 22. Rxe4 Ng5 23. Nxg5 Bxg5 24. f4 Be7 25. Bd3 Qc3 26. Qd1 b5 27. a4 b4 28.
Rb1 Rc7 29. Qg4 Qc6 30. Rf1 Qd5 31. Rf3 Rc3 32. Re2 Rdc8 33. Kf2 Qd7 34. Kg2
Qd5 1/2-1/2

[Event "DRUGA LIGA CENTRALNE SRBIJE - Zapad"]
[Site "Vrnjacka banja"]
[Date "2013.??.??"]
[Round "3.5"]
[White "Vasic, Vladimir"]
[Black "Djordjev, Bojan*"]
[Result "1/2-1/2"]
[WhiteElo "2170"]
[BlackElo "2141"]
[PlyCount "80"]
[EventDate "2013.10.10"]

1. e4 c5 2. Nf3 e6 3. d4 cxd4 4. Nxd4 a6 5. c4 Qc7 6. Nc3 Nf6 7. Be3 Nc6 8. Rc1
Bb4 9. f3 O-O 10. a3 Be7 11. Qd2 Nxd4 12. Bxd4 d6 13. Be2 Bd7 14. O-O Rac8 15.
Rfd1 Qb8 16. Qe3 b5 17. c5 e5 18. Nd5 Nxd5 19. exd5 Rfe8 20. c6 exd4 21. Qd3
Bxc6 22. Rxc6 Rxc6 23. dxc6 Bg5 24. Qf5 Be3+ 25. Kf1 Qc7 26. Bd3 g6 27. Qd7
Qxd7 28. cxd7 Rd8 29. a4 bxa4 30. Ra1 Rxd7 31. Rxa4 Rb7 32. b4 Bd2 33. Bxa6
Rxb4 34. Rxb4 Bxb4 35. Ke2 Kg7 36. f4 h6 37. g4 f6 38. Kd3 Bc5 39. Ke4 Kf7 40.
Bc4+ Ke7 1/2-1/2

[Event "DRUGA LIGA CENTRALNE SRBIJE - Zapad"]
[Site "Vrnjacka banja"]
[Date "2013.??.??"]
[Round "3.5"]
[White "Jovanovic, Obrad"]
[Black "Bezarevic, Branko"]
[Result "1-0"]
[WhiteElo "2123"]
[BlackElo "2175"]
[PlyCount "78"]
[EventDate "2013.10.10"]

1. e4 c5 2. Nf3 d6 3. d4 cxd4 4. Nxd4 Nf6 5. Nc3 a6 6. f3 e5 7. Nb3 Be7 8. Be3
Qc7 9. Qd2 Be6 10. g4 Nbd7 11. O-O-O Rc8 12. Qf2 b5 13. Kb1 O-O 14. h4 Rb8 15.
h5 Nb6 16. g5 Nfd7 17. Nd5 Nxd5 18. exd5 Bf5 19. f4 exf4 20. Bxf4 Be4 21. Bg2
Bxg2 22. Qxg2 Rbc8 23. Rhe1 Rfe8 24. Nd4 Bf8 25. g6 Nf6 26. Rf1 fxg6 27. hxg6
hxg6 28. Qxg6 Qf7 29. Qxf7+ Kxf7 30. Nf5 Red8 31. Bg5 Rc4 32. b3 Re4 33. Rf2
Rde8 34. Kb2 Re2 35. Rf3 Rg2 36. Bf4 Ree2 37. Rc3 Ne4 38. Rc7+ Kf6 39. Ne3 Rd2
1-0

[Event "DRUGA LIGA CENTRALNE SRBIJE - Zapad"]
[Site "Vrnjacka banja"]
[Date "2013.??.??"]
[Round "3.5"]
[White "Stevanovic, Velimir*"]
[Black "Radenkovic, Aleksa**"]
[Result "1-0"]
[WhiteElo "1929"]
[BlackElo "1934"]
[PlyCount "97"]
[EventDate "2013.10.10"]

1. e4 c5 2. Nf3 e6 3. c3 a6 4. Be2 Nf6 5. e5 Nd5 6. d4 cxd4 7. cxd4 d6 8. O-O
b5 9. Re1 Be7 10. Bf1 Bb7 11. Nc3 Nxc3 12. bxc3 Qc7 13. Bb2 Nd7 14. a4 bxa4 15.
Rxa4 Nb6 16. Ra1 O-O 17. exd6 Bxd6 18. h3 Nc4 19. Bxc4 Qxc4 20. Ba3 Rad8 21.
Bxd6 Rxd6 22. Ra3 Bd5 23. Ne5 Qc7 24. Nd3 Bc4 25. Nc5 Rb8 26. Qa4 Bb5 27. Qa5
Rdb6 28. Rb1 Bc4 29. Rb4 Qd6 30. Raa4 f5 31. Rxb6 Rxb6 32. Rb4 Rxb4 33. Qxb4
Bb5 34. Qb3 Kf7 35. c4 Bc6 36. Qb6 a5 37. Qxa5 Be4 38. Qa7+ Kg6 39. Nxe4 fxe4
40. Qc5 Qf4 41. g4 h6 42. Qh5+ Kf6 43. h4 e3 44. g5+ Ke7 45. fxe3 Qxe3+ 46. Kg2
hxg5 47. Qxg5+ Qxg5+ 48. hxg5 Kd6 49. Kf3 1-0